World's Busiest Airports Quiz Stats

 Plays Quiz Updated Oct 9, 2018

     
Support Sporcle.
Go Orange.
Score 0/20 Timer 05:00
0 Plays Today
Country Airport % Correct
United StatesJohn F. Kennedy International Airport
91.6%
United StatesLos Angeles International Airport
88.2%
EnglandLondon Heathrow Airport
79.6%
United StatesO'Hare International Airport
74.2%
JapanHaneda Airport
72.1%
ChinaBeijing Capital International Airport
68.9%
SpainAdolfo Suárez Madrid–Barajas Airport
67.6%
United StatesHartsfield-Jackson Atlanta International Airport
65.4%
FranceParis Charles de Gaulle Airport
61.3%
NetherlandsAmsterdam Airport Schiphol
60.9%
Country Airport % Correct
ThailandSuvarnabhumi Airport
56.4%
SingaporeSingapore Changi Airport
53.5%
ChinaHong Kong International Airport
51.5%
GermanyFrankfurt Airport
49.8%
United StatesDallas-Fort Worth International Airport
41%
United StatesDenver International Airport
38%
ChinaShanghai Pudong International Airport
35.9%
UAEDubai International Airport
21.2%
IndonesiaSukarno-Hatta International Airport
13.1%
ChinaGuangzhou Baiyun International Airport
10.6%

From the Vault

Two Word Hints for Two Letter Films

by DarkPhalanx

Movies 2.5m
These are feature length movies with super short titles.
Remove Ads.
Support Sporcle.
Get the best of Sporcle when you Go Orange. This ad-free experience offers more features, more stats, and more fun while also helping to support Sporcle. Thank you for becoming a member.

Show Comments

Extras

Top Quizzes Today


Score Distribution

Your Account Isn't Verified!

In order to create a playlist on Sporcle, you need to verify the email address you used during registration. Go to your Sporcle Settings to finish the process.

Report this User

Report this user for behavior that violates our Community Guidelines.

Details: